000 00816nam a2200217Ia 4500
003 OSt
005 20220923221248.0
006 a|||||r|||| 00| 0
007 ta
008 220922b |||||||| |||| 00| 0 hin d
024 _a196,023
037 _cTextual
040 _aARTS
_cARTS
_bhin
041 _2hin
_ahin
082 _aP151v, 152K3
100 _aवार्ष्णेय, लक्ष्मी सागर, अनु.
_9165248
245 0 _aभारतीय आर्य भाषा
_b वेदों से लेकर आधुनिक समय तक
246 _aBhāratīya ārya bhāṣhā: vedoan se lekar ādhunik samaya taka
942 _hP151v, 152K3
_cTEXL
_2CC
999 _c348113
_d348113